004010000a22001210004500090001700000245011600017041001400133700002800147100003400175942001300209773004000222999001700262 aASbSeriadas10aComunidades acuáticas altoandinas-I Vegetación sumergida y de rivera en el lago de Tota, Boyacá, Colombia0 aEspañol1 aAguirre C., Jaime937491 aRangel Ch., J. Orlando992819 cARTICULO1 tCaldasia345h65q719-742d1983g13 c14811d14811